Responses for Show #4398 - Wednesday, October 22, 2003

Russ Schumacher game 4.

Contestants

[<< previous game]

Gina Ash, an artist and administrative assistant from Gainesville, Virginia

Dick Fernberg, a geologist from Daytona Beach, Florida

Russ Schumacher, a graduate student from Fort Collins, Colorado (whose 3-day cash winnings total $47,500)

[next game >>]

Jeopardy! Round responses

OPERA
A TOM CRUISE FILM FESTIVAL
(Alex: You have to identify the film.)
BODIES OF WATER
OCCUPATION HAZARDS
PLANT PARENTHOOD
PRESIDENTIAL RHYME TIME
    $200 13
Carmen

Russ
    $200 11
Jerry Maguire

Russ
    $200 6
the North Sea

Dick
    $200 23
cowboy

Dick
    $200 21
ladybugs

Russ
    $200 1
Grant's pants

Russ
    $400 17
(Richard) Wagner

Russ
    $400 12
Interview with the Vampire

Dick
    $400 7
(Russ: What is Lake Michigan?)

Lake Huron

RussDick
    $400 24
copy editor (or proofreader)

Russ
    $400 22
terrariums

Gina
    $400 2
Chester's semesters

Dick
    $2,500 18
The Marriage of Figaro

Russ
    $600 14
Born on the Fourth of July

Russ
    $600 8
Lake Titicaca

Dick
    $600 25
dental hygienist

Russ
    $600 28
bonsai

Gina
    $600 3
Taylor's jailers

Dick
    $800 19
La boheme

Triple Stumper
    $800 15
Rain Man

Russ
    $800 9
the Blue Nile & the White Nile

Russ
    $800 26
(Gina: What is a train conductor?)

bus driver

Gina
Triple Stumper
    $800 29
pH level

Russ
    $800 4
Polk's yolks

Russ
    $1000 20
(Alex: His only opera.)

(Ludwig van) Beethoven

Russ
    $1000 16
Mission: Impossible

Triple Stumper
    $1000 10
the Danube

Russ
    $1000 27
(Gina: What is a pickle packer?)
(Alex: We'll accept that.)

pickler

Gina
    $1000 30
nitrogen

Russ
    $1000 5
John's batons

Russ

Scores at the first commercial break (after clue 16):

Russ Dick Gina
$5,200 $2,600 $0

Scores at the end of the Jeopardy! Round:

Russ Dick Gina
$12,100 $2,800 $1,200

Double Jeopardy! Round responses

THE ROYALS
THE TIGERS
(Alex: Oh-oh!)
THE GIANTS
(Alex: There's a theme a-building'!)
THE REDS
THE "A"s
BASEBALL HISTORY
    $400 11
Elizabeth I

Gina
    $400 15
the Flying Tigers

Dick
    $400 19
Goliath

Dick
    $400 24
Mao Tse-tung

Dick
    $400 1
the atomic bomb

Russ
    $400 6
the umpire

Dick
    $800 12
Louis the Fat

Russ
    $800 16
the Siberian tiger

Gina
    $800 20
Gulliver

Dick
    $800 25
(Alex: With a minute to go.)

cardinals

Dick
    $800 2
an asteroid

Russ
    $800 7
his spikes

Russ
    $1200 13
Ivan

Gina
    $1200 17
(Dick: What is a piranha?)

barracuda

Dick
Triple Stumper
    $1200 21
Edna Ferber

Gina
    $1200 26
Red Square

Dick
    $1200 3
apprentice

Russ
    $1200 8
Mickey Mantle

Dick
    $400 14
(Gina: [no response])

Bonnie Prince Charlie

Gina
    $1600 18
(Gina: Who is Rudyard Kipling?)

William Blake

Gina
Triple Stumper
    $1600 22
Norway

Triple Stumper
    $1600 27
the Red Sea

Russ
    $1600 4
the Aga Khan

Triple Stumper
    $1600 9
(2 of 5) Boston, Chicago, New York, Philadelphia, or St. Louis

Russ
    $2000 29
Boleslaw

Triple Stumper
    $500 23
(Gina: [no response])

Tenzing Norgay

Gina
    $2000 30
Polyphemus

Russ
    $2000 28
(Gina: What is Scotland?)

Wales

Gina
Triple Stumper
    $2000 5
the Amistad

Russ
    $2000 10
(Russ: Who is Pete Rose?)
(Dick: Who is Hank Aaron?)

Babe Ruth

RussDick
Triple Stumper

Scores at the end of the Double Jeopardy! Round:

Russ Dick Gina
$21,300 $5,200 $300
(lock game)

[wagering suggestions for these scores]

Final Jeopardy! Round responses

20th CENTURY NOTABLES
(Alex: Is he going to do it? Is he going to win five tomorrow? We'll find out... tune us in then!)
GinaWho was Gan
$0
DickWho is Fermi?
$4,321
RussWho is Hitler?
$4,000
Mohandas Gandhi

Final scores:

Russ Dick Gina
$17,300 $879 $300
4-day champion: $64,800 2nd place: $2,000 3rd place: $1,000

Game dynamics:

Coryat scores:

Russ Dick Gina
$19,400 $5,200 $1,200
26 R
(including 1 DD),
2 W
15 R,
2 W
7 R,
5 W
(including 2 DDs)

Combined Coryat: $25,800

[game clues] [game scores] [suggest correction]

Game tape date: 2003-08-05
The J! Archive is created by fans, for fans. Scraping, republication, monetization, and malicious use prohibited; this site may use cookies and collect identifying information. See terms. The Jeopardy! game show and all elements thereof, including but not limited to copyright and trademark thereto, are the property of Jeopardy Productions, Inc. and are protected under law. This website is not affiliated with, sponsored by, or operated by Jeopardy Productions, Inc. Join the discussion at JBoard.tv.